000 00790nam a22002297a 4500
999 _c332315
_d332315
003 NUST
005 20171123112227.0
008 170216b xxu||||| |||| 00| 0 eng d
020 _a0333902980
020 _a9780333908981
040 _c0
082 _a954 MAJ
_bMAJ
100 _aMajumdar, R. C.
_96741
245 _aAn Advanced History of India
_cR. C. Majumdar
250 _aFourth Edition
260 _aIndia, New Delhi
_bMacmillan India Ltd
_c2007.
300 _axiv, 1149p, :
500 _aP.B
650 _aMCE
_9379
942 _cBK
_2ddc
_kIESE